000
00454nam a2200145Ia 4500
008
100204s9999 xx 000 0 und d
082
_b
17414
100
_a
भिडे माधुरी
245
_a
कथा पौर्णिमा
260
_b
"कैमकर प्रकासन, पुणे"
_c
1989
300
_a
76
630
_a
कथा पौर्णिमा
730
_a
कथा पौर्णिमा
942
_c
BOOK
999
_c
461837
_d
461834